Especialmente tu (Registo nº 1005)
[ vista simples ]
| 000 -Etiqueta do registo | |
|---|---|
| Cabeçalho | 01114nlm0a2200337 i 4500 |
| 005 - Identificador da versão | |
| Campo de controlo | 20240827170616.0 |
| 035 ## - Other System Control Numbers | |
| System Control Number | 0001070 |
| System Control Number | 0001053 |
| 071 0# - Número do editor (registos sonoros e música) | |
| Número do editor | 11320/07 |
| 100 ## - Dados gerais de processamento | |
| Dados gerais de processamento | 20091216d a y0pory5003 ba |
| 101 0# - Língua de publicação | |
| Língua do texto, banda sonora, etc. | Inglês |
| Língua das legendas | Português |
| 102 ## - Pais de publicação ou produção | |
| País de publicação | Portugal |
| 115 ## - Campo de dados codificados: Projecções Visuais, Filmes e Vídeos | |
| Dados modificados - geral | a17 bbzzzbz ezxxc |
| 200 1# - Titulo e menção de responsabilidade | |
| Título próprio | Especialmente tu |
| Indicação geral da natureza do documento | Documento electrónico |
| Primeira menção de responsabilidade | real. Moira Simpson |
| 210 ## - Publicação, Distribuição, etc. | |
| Lugar da edição, distribuição, etc. | PT |
| Nome do editor, distribuidor, etc. | Flaminia (Editor) |
| Data da publicação, distribuição, etc. | 2007 |
| 215 ## - Descrição física | |
| Indicação específica da natureza do documento e extensão da espécie | 1 DVD (PAL 2) ( 17 min.) |
| Outras indicações físicas | col., son. |
| Dimensões | 12 cm |
| 225 2# - Colecção | |
| Título próprio da colecção | Crescer |
| Menção de responsabilidade relativa à colecção | Flaminia: vídeo educativo |
| 305 ## - Notas relativas à edição e história bibliográfica da publicação | |
| Texto da nota | data de lançamento: 2007 |
| 314 ## - Notas relativas a responsabilidade intelectual | |
| Texto da nota | Baseado no livro de: |
| 322 ## - Nota aos responsáveis artísticos e técnicos (material de projecção e video e registos sonoros) | |
| Texto da nota | Créditos: Produção : Office National du Film du Canada |
| 323 ## - Nota ao elenco (material de projecção e video de registos sonoros) | |
| Texto da nota | Elenco: Barbara Duncan, Blu Mankuma |
| 327 1# - Nota de conteúdo | |
| Texto da nota | Conteúdo: Filme, Trailer, Documentário "Em filmagens", Entrevistas; Legendas: português; Idioma: inglês; |
| 330 ## - Sumário ou Resumo | |
| Texto da nota | Resumo: |
| 333 ## - Nota relativa aos potenciais utilizadores | |
| Texto da nota | Classificação: Para maiores de 9 anos - Filme de qualidade |
| 606 ## - Nome comum usado como assunto | |
| Número de registo de entrada de autoridade | 0001353 |
| Palavra de ordem | Documentário |
| 610 2# - Termos de indexação não controlados | |
| Subject Term | DVD cinema |
| 675 ## - Classificação Decimal Universal (CDU) | |
| Notação | 086.8 |
| Edição | BN |
| Língua da edição | por |
| 686 ## - Outras classificações numéricas | |
| Notação | 764.1 |
| Código | FIAF |
| 942 ## - Elementos de entrada adicionados (Koha) | |
| Tipo de item no Koha | Livro |
| Situação do levantamento | Origin of item (home branch) (coded) | Biblioteca de empréstimo | Código de barras | Cota | Circulation type (not for loan) | Tipo de documento | Nota do exemplar | Damaged status |
|---|---|---|---|---|---|---|---|---|
| Biblioteca Escolar Eng. Nuno Mergulhão | Biblioteca Escolar Eng. Nuno Mergulhão | BENM1759 | 1759 DVD | DVD | Sem mensagem |
